A guide to computerized project scheduling /

Bibliographic Details
Main Author: East, E. William
Other Authors: Kirby, Jeffrey G.
Format: Book
Language:English
Published: New York : Van Nostrand Reinhold, [1990]
Subjects:

MARC

Tag First Indicator Second Indicator Subfields
LEADER 00000cam a2200000 a 4500
001 in00000930784
005 20150925103502.0
008 891101s1990 nyua b 00110 eng
010 |a  89048261  
020 |a 0442238029 
035 |a (OCoLC)20694045 
035 |9 AER8604AM 
040 |a DLC  |c DLC  |d UtOrBLW 
049 |a TXAM 
050 0 0 |a TH438.4  |b .E27 1990 
082 0 0 |a 692  |2 20 
100 1 |a East, E. William. 
245 1 2 |a A guide to computerized project scheduling /  |c E. William East, Jeffrey G. Kirby. 
264 1 |a New York :  |b Van Nostrand Reinhold,  |c [1990] 
264 4 |c ©1990 
300 |a xii, 209 pages :  |b illustrations ;  |c 24 cm. 
336 |a text  |b txt  |2 rdacontent 
337 |a unmediated  |b n  |2 rdamedia 
338 |a volume  |b nc  |2 rdacarrier 
500 |a Includes bibliographical references and index. 
650 0 |a Construction industry  |x Management  |x Data processing. 
650 0 |a Production scheduling  |x Data processing. 
650 0 |a Microcomputers. 
700 1 |a Kirby, Jeffrey G. 
999 |a MARS 
999 f f |s 9835b649-886e-35f6-b131-f2b46645ea27  |i 8b4ffb09-5204-3797-9436-2b1ff550028e  |t 0 
952 f f |p ric  |a Texas A&M University  |b Rellis Campus  |c Joint Library Facility  |d Remote Storage  |t 0  |e TH438.4 E27 1990  |h Library of Congress classification  |i unmediated -- volume  |m A14814075577 
998 f f |a TH438.4 E27 1990  |t 0  |l Remote Storage